Statistics for The Office (US) Fill In The Quote

Click here to take the quiz!

General Stats

  • This quiz has been taken 3,341 times
  • The average score is 10 of 15

Answer Stats

Hint Answer % Correct
That's What ____ Said!She
100%
Did I _____?Stutter
90%
If I had a gun with two bullets and I was in a room with Hitler, Bin Laden, and ______, I would shoot ______ twice.Toby
90%
I DECLARE _____________!Bankruptcy
83%
The _____ are the groin of the head.Eyes
76%
_____, _______, and Battlestar Galactica.Bears, Beets
72%
It's better to be hurt by some you know, accidentally, than by a ________, on purposeStranger
71%
Just tell him to call me ____ as possible!ASAP
70%
Sorry I annoyed you with my ________!friendship
59%
Through concentration, I control raise and lower my _________ at will.cholesterol
48%
"R" is one of the most menacing sounds. That's why they call it murder not ________.mukduk
44%
I have got to make sure that _______ comes down to tape this!YouTube
42%
There are a huge number of ______ _________ in this county. Probably because we live down river from that old bread factory...yeast infections
40%
I did not become a Lackawanna County volunteer _______ _______ to make friends. And by the way, I haven't.Sheriff's Deputy
36%
Nothing stresses me out. Except having to seek the approval of my _________.inferiors
29%

Score Distribution

Percentile by Number Answered

Percent of People with Each Score

Your Score History

You have not taken this quiz